书目信息 |
| 题名: |
大蒜丰产栽培与病虫害防治
|
|
| 作者: | 胡庆华 , 杨占国 主编 | |
| 分册: | ||
| 出版信息: | 北京 科学技术文献出版社 2012 |
|
| 页数: | 199页 | |
| 开本: | 21cm | |
| 丛书名: | ||
| 单 册: | ||
| 中图分类: | S633.4 , S436.33 | |
| 科图分类: | ||
| 主题词: | 大蒜--栽培技术 , 大蒜--病虫害防治 , 大蒜 | |
| 电子资源: | ||
| ISBN: | 978-7-5023-6394-9 | |
| 000 | 00905nam0 2200289 450 | |
| 001 | 012015000394 | |
| 005 | 20150914162033.03 | |
| 010 | @a978-7-5023-6394-9@dCNY14.00 | |
| 100 | @a20120708d2012 em y0chiy50 ea | |
| 101 | 0 | @achi |
| 102 | @aCN@b110000 | |
| 105 | @aa z 000yy | |
| 106 | @ar | |
| 200 | 1 | @a大蒜丰产栽培与病虫害防治@Ada suan feng chan zai pei yu bing chong hai fang zhi@f胡庆华,杨占国主编 |
| 210 | @a北京@c科学技术文献出版社@d2012 | |
| 215 | @a199页@c图@d21cm | |
| 300 | @a科技农业 高效农业 | |
| 330 | @a本书内容包括:大蒜概述、种蒜的选留、大蒜病虫害的防治、蒜薹和蒜头的贮藏、大蒜加工利用。 | |
| 606 | 0 | @a大蒜@x栽培技术 |
| 606 | 0 | @a大蒜@x病虫害防治 |
| 606 | 0 | @a大蒜 |
| 690 | @aS633.4@v5 | |
| 690 | @aS436.33@v5 | |
| 701 | 0 | @a胡庆华@Ahu qing hua@4主编 |
| 701 | 0 | @a杨占国@Ayang zhan guo@4主编 |
| 801 | 0 | @aCN@b碧洲教育@c20150716 |
| 905 | @a10447@f4@dS633.4@e326 | |
| 大蒜丰产栽培与病虫害防治/胡庆华,杨占国主编.-北京:科学技术文献出版社,2012 |
| 199页:图;21cm |
| 科技农业 高效农业 |
| ISBN 978-7-5023-6394-9:CNY14.00 |
| 本书内容包括:大蒜概述、种蒜的选留、大蒜病虫害的防治、蒜薹和蒜头的贮藏、大蒜加工利用。 |
| ● |
| 相关链接 |
|
|
|
|
正题名:大蒜丰产栽培与病虫害防治
索取号:S633.4/326
 
预约/预借
| 序号 | 登录号 | 条形码 | 馆藏地/架位号 | 状态 | 备注 |
| 1 | 0849471 | 208494716 | 第二样本阅览室/ [索取号:S633.4/326] | 在馆 | |
| 2 | 0849472 | 208494725 | 第三借阅区/ [索取号:S633.4/326] | 在馆 | |
| 3 | 0849473 | 208494734 | 第三借阅区/ [索取号:S633.4/326] | 在馆 | |
| 4 | 0849474 | 208494743 | 密集书库-生命科学系/ [索取号:S633.4/326] | 在馆 |